ბათუმის შოთა რუსთაველის სახელმწიფო უნივერსიტეტის ბიბლიოთეკა

Healthy shoulder handbook : (ბიბ.ჩანაწერი № 57499)

000 -LEADER
fixed length control field 00864cam a22002417a 4500
001 - CONTROL NUMBER
control field 15764144
005 - DATE AND TIME OF LATEST TRANSACTION
control field 20221107153927.0
008 - FIXED-LENGTH DATA ELEMENTS--GENERAL INFORMATION
fixed length control field 090605s2010 caua b 001 0 eng d
010 ## - LIBRARY OF CONGRESS CONTROL NUMBER
LC control number 2009930128
020 ## - INTERNATIONAL STANDARD BOOK NUMBER
International Standard Book Number 9781569757383 (pbk.) X
020 ## - INTERNATIONAL STANDARD BOOK NUMBER
International Standard Book Number 1569757380 (pbk.) X
041 ## - LANGUAGE CODE
Language code of text/sound track or separate title eng
080 ## - UNIVERSAL DECIMAL CLASSIFICATION NUMBER
Universal Decimal Classification number 61:796 K-62
082 04 - DEWEY DECIMAL CLASSIFICATION NUMBER
Classification number 613.7/1887
Edition number 22
100 1# - MAIN ENTRY--PERSONAL NAME
Personal name Knopf, Karl.
9 (RLIN) 8875
245 10 - TITLE STATEMENT
Title Healthy shoulder handbook :
Remainder of title 100 exercises for treating and preventing frozen shoulder, rotator cuff and other common injuries /
Statement of responsibility, etc. Karl Knopf ; photography by Austin Forbord.
260 ## - PUBLICATION, DISTRIBUTION, ETC.
Place of publication, distribution, etc. Berkeley, Calif. :
Name of publisher, distributor, etc. Ulysses Pr.,
Date of publication, distribution, etc. c2010.
300 ## - PHYSICAL DESCRIPTION
Extent 160 p. :
Other physical details ill. ;
Dimensions 24 cm.
650 #0 - SUBJECT ADDED ENTRY--TOPICAL TERM
Topical term or geographic name entry element Arm exercises.
9 (RLIN) 8877
653 ## - INDEX TERM--UNCONTROLLED
keyword მედიცინა
653 ## - INDEX TERM--UNCONTROLLED
keyword ხელებისა და მხრების ვარჯიშები
942 ## - ADDED ENTRY ELEMENTS (KOHA)
Source of classification or shelving scheme
Koha item type წიგნი
ეგზემპლარები
Withdrawn status Lost status Source of classification or shelving scheme Damaged status Not for loan Permanent Location Current Location Shelving location Date acquired Cost, normal purchase price Full call number Barcode Date last seen Copy number Price effective from Koha item type Public note
          ბათუმის შოთა რუსთაველის სახელმწიფო უნივერსიტეტის მთავარი ბიბლიოთეკა ბათუმის შოთა რუსთაველის სახელმწიფო უნივერსიტეტის მთავარი ბიბლიოთეკა წიგნსაცავი 2020-06-29 50.00 61:796 K-62 60695 2020-06-29 60695 2020-06-29 წიგნი 50 ლ.